[Event "Indywidualne Mistrzostwa Polski Juniorow do lat 16 - Dziewczeta"]
[Site "Szklarska Poreba"]
[Date "1899-12-30"]
[Round "9.1"]
[White "Vanduyfhuys, Daria"]
[Black "Waszczuk, Patrycja"]
[Result "1/2-1/2"]
[WhiteTitle "WCM"]
[BlackTitle "k++"]
[WhiteElo "2059"]
[BlackElo "2034"]

1. d4 d5 2. c4 c6 3. Nf3 Nf6 4. Nc3 a6 5. a4 Bf5 6. e3 e6 7. Be2 h6 8. O-O Nbd7
9. b3 Be7 10. Bb2 O-O 11. Re1 Rc8 12. Bd3 Bb4 13. Bxf5 exf5 14. Qd3 Ne4 15. Red1
Re8 16. Rac1 Ndf6 17. h3 Qe7 18. Ne5 Bxc3 19. Bxc3 Nd7 20. Nxd7 Qxd7 21. Bb4 Qe6
22. Rc2 Nf6 23. Rdc1 g6 24. Bd2 Ne4 25. Be1 Nf6 26. b4 Qd7 27. b5 cxb5 28. cxb5
axb5 29. Qxb5 Qxb5 30. axb5 Rxc2 31. Rxc2 Re6 32. Ba5 b6 33. Bb4 Kg7 34. Rc6 g5
35. Bd6 Ne8 36. Bb8 Kf6 37. Ba7 Rxc6 38. bxc6 Ke7 39. Bxb6 Kd6 40. Bc5+ Kxc6 41.
h4 g4 42. Bf8 h5 43. Kf1 Nc7 44. Ke2 Kd7 45. Kd3 Ne6 46. Bh6 Kd6 47. Kc3 Kc6 48.
Kb4 Kb6 49. Bf4 Nd8 50. Bd6 Nc6+ 51. Ka4 Nd8 52. Be7 Nc6 53. Bf6 Ka6 54. Kb3 Kb5
55. Kc3 Nb8 56. f3 gxf3 57. gxf3 Nd7 58. Be7 Kc6 59. Kd3 Nb6 60. e4 fxe4+ 61.
fxe4 Nc4 62. Bg5 Nd6 1/2-1/2

[Event "Indywidualne Mistrzostwa Polski Juniorow do lat 16 - Dziewczeta"]
[Site "Szklarska Poreba"]
[Date "1899-12-30"]
[Round "9.2"]
[White "Jarocka, Liwia"]
[Black "Harazinska, Magdalena"]
[Result "1-0"]
[WhiteTitle "FM"]
[BlackTitle "WFM"]
[WhiteElo "2106"]
[BlackElo "2011"]

1. e4 c6 2. d4 d5 3. Nd2 dxe4 4. Nxe4 Nd7 5. Ng5 Ngf6 6. Bd3 e6 7. N1f3 Bd6 8.
Qe2 h6 9. Ne4 Nxe4 10. Qxe4 Nf6 11. Qe2 b6 12. O-O Bb7 13. Rd1 Qc7 14. c4 O-O
15. h3 Rfd8 16. Be3 c5 17. dxc5 bxc5 18. Rac1 Bc6 19. Bb1 Qb7 20. Ne1 Rd7 21.
f3 Qc7 22. Nd3 Bb7 23. Qc2 Rad8 24. Kh1 Nh5 25. b4 Bh2 26. f4 Bxf4 27. Nxf4 Rxd1+
28. Rxd1 Be4 29. Rxd8+ Qxd8 30. Qc1 Bxb1 31. Nxh5 Be4 32. Ng3 Bc6 33. Bxc5 Qh4
34. Kh2 f5 35. Bd6 g5 36. b5 Bb7 37. c5 f4 38. c6 Qxg3+ 39. Kh1 Bc8 40. Qb1 Kf7
41. Qh7+ Kf6 42. Qxh6+ Kf5 43. Qh7+ Kf6 44. Qh8+ Kf7 45. Qe5 Qd3 46. Bc5 Qxb5
47. Qc7+ Kg6 48. Qxc8 Qxc5 49. Qxe6+ Kh5 50. Qd7 Kh6 51. Qe6+ Kh5 52. Qd7 Kh6
53. h4 gxh4 54. c7 Qe3 55. Qc6+ Kg5 56. Qb5+ Kg6 57. c8=Q Qe1+ 58. Kh2 Qg3+ 59.
Kg1 Qe3+ 60. Kf1 1-0

[Event "Indywidualne Mistrzostwa Polski Juniorow do lat 16 - Dziewczeta"]
[Site "Szklarska Poreba"]
[Date "1899-12-30"]
[Round "9.3"]
[White "Marcinczyk, Monika"]
[Black "Furtak, Joanna"]
[Result "1/2-1/2"]
[WhiteTitle "WCM"]
[BlackTitle "k"]
[WhiteElo "1928"]
[BlackElo "1803"]

1. e4 c5 2. Nf3 e6 3. d4 cxd4 4. Nxd4 Nc6 5. Nc3 Qc7 6. f4 a6 7. Nxc6 bxc6 8. e5
f6 9. Bd3 d5 10. exd6 Bxd6 11. Qh5+ Qf7 12. Qe2 Ne7 13. Ne4 Bc7 14. O-O O-O 15.
Bd2 Rd8 16. c4 Nf5 17. Bc3 c5 18. Rad1 Bb6 19. Kh1 Bb7 20. Nf2 Nd4 21. Qe3 f5
22. Qg3 Rd7 23. Bxd4 Rxd4 24. Be2 Rad8 25. Rxd4 Rxd4 26. Nd3 Qf6 27. b3 Be4 28.
Ne5 Bc7 29. Bf3 Bxf3 30. Qxf3 Bxe5 31. fxe5 Qxe5 32. Qa8+ Kf7 33. Qxa6 Rh4 34.
Qb7+ Kf6 35. h3 Qe2 36. Rg1 g5 37. Qc7 Qd3 38. Re1 Re4 39. Rg1 Rh4 40. Re1 Re4
41. Rg1 Rh4 42. Re1 Re4 1/2-1/2

[Event "Indywidualne Mistrzostwa Polski Juniorow do lat 16 - Dziewczeta"]
[Site "Szklarska Poreba"]
[Date "1899-12-30"]
[Round "9.4"]
[White "Dylag, Emilia"]
[Black "Malicka, Maria"]
[Result "1-0"]
[WhiteTitle "k+"]
[BlackTitle "WCM"]
[WhiteElo "2071"]
[BlackElo "2199"]

1. Nf3 d5 2. g3 Nf6 3. Bg2 e6 4. O-O Be7 5. d3 O-O 6. Nbd2 c5 7. e4 Nc6 8. Re1
b6 9. e5 Nd7 10. Nf1 Bb7 11. h4 Re8 12. N1h2 Rc8 13. h5 h6 14. Ng4 Bf8 15. Bf4
f5 16. exf6 Nxf6 17. Nfe5 Nd4 18. c3 Nxg4 19. Nxg4 Nf5 20. Ne5 Bd6 21. Qg4 Qf6
22. Bh3 Rcd8 23. Qg6 Bxe5 24. Rxe5 Qxg6 25. hxg6 Bc8 26. Rae1 Bd7 27. Bxf5 exf5
28. Re7 Bb5 29. d4 cxd4 30. cxd4 a6 31. R1e5 Rxe7 32. Rxe7 Be8 33. Be5 Kf8 34.
Rxg7 Rc8 35. Rb7 Bxg6 36. Rxb6 Kf7 37. Rf6+ Kg7 38. Rc6+ 1-0

[Event "Indywidualne Mistrzostwa Polski Juniorow do lat 16 - Dziewczeta"]
[Site "Szklarska Poreba"]
[Date "1899-12-30"]
[Round "9.5"]
[White "Roszkiewicz, Anna"]
[Black "Budkiewicz, Magdalena"]
[Result "1/2-1/2"]
[WhiteTitle "I++"]
[BlackTitle "I++"]
[WhiteElo "1745"]
[BlackElo "1619"]

1. e4 c5 2. Nf3 e6 3. d4 cxd4 4. Nxd4 a6 5. Bd3 Nf6 6. O-O Qc7 7. c4 d6 8. Nc3
Nbd7 9. Qe2 Ne5 10. h3 Nxd3 11. Qxd3 Be7 12. Be3 O-O 13. Rac1 Nd7 14. f4 Bf6 15.
Qe2 Re8 16. Rfd1 b6 17. b3 Bb7 18. Qg4 Rad8 19. f5 Ne5 20. Qg3 Nc6 21. Nxc6 Qxc6
22. Bg5 Bxg5 23. Qxg5 f6 24. Qg3 exf5 25. Nd5 Kh8 26. exf5 Re5 27. Qf2 b5 28.
cxb5 Qxb5 29. Nc3 Qa5 30. Qa7 Qc5+ 1/2-1/2

[Event "Indywidualne Mistrzostwa Polski Juniorow do lat 16 - Dziewczeta"]
[Site "Szklarska Poreba"]
[Date "1899-12-30"]
[Round "9.6"]
[White "Siekanska, Zuzanna"]
[Black "Czarnecka, Lidia"]
[Result "1/2-1/2"]
[WhiteTitle "I"]
[BlackTitle "I++"]
[WhiteElo "1517"]
[BlackElo "1700"]

1. d4 d5 2. c4 e6 3. Nc3 Nf6 4. cxd5 exd5 5. Bg5 Be7 6. e3 c6 7. Bd3 Nbd7 8. Qc2
O-O 9. Nf3 Re8 10. O-O h6 11. Bf4 Nf8 12. h3 Bd6 13. Ne5 Qe7 14. a3 N8d7 15. Nxd7
Bxd7 16. Bxd6 Qxd6 17. b4 b6 18. Rfc1 Rec8 19. Ba6 Rcb8 20. Be2 g6 21. Bd3 Kg7
22. Rab1 Re8 23. a4 Rab8 24. a5 Rec8 25. Na4 Qe7 26. axb6 axb6 27. Qb3 Ne4 28.
Bxe4 Qxe4 29. Nc3 Qd3 30. Rd1 Qc4 31. Qxc4 dxc4 32. Ra1 Ra8 33. Kf1 b5 34. Ne4
Kf8 35. Ke2 Ke7 36. Kd2 Be6 37. Nc5 Kd6 38. Kc3 Re8 1/2-1/2

[Event "Indywidualne Mistrzostwa Polski Juniorow do lat 16 - Dziewczeta"]
[Site "Szklarska Poreba"]
[Date "1899-12-30"]
[Round "9.7"]
[White "Czarniecka, Aleksandra"]
[Black "Sawa, Daria"]
[Result "1-0"]
[WhiteTitle "k"]
[BlackTitle "I"]
[WhiteElo "2023"]
[BlackElo "1589"]

1. e4 c6 2. d4 d5 3. Nc3 dxe4 4. Nxe4 Nd7 5. Nf3 Ngf6 6. Ng3 e6 7. Bd3 c5 8. O-O
Be7 9. Qe2 O-O 10. Rd1 Qc7 11. c4 cxd4 12. Nxd4 a6 13. b3 Bd6 14. Bc2 Re8 15.
Bb2 b6 16. Nf1 Bb7 17. h4 h5 18. Nf3 Qc6 19. Ne3 Bc5 20. Nd4 Qc7 21. a3 e5 22.
Ndf5 Qc6 23. Nd5 Rac8 24. Rac1 Nxd5 25. cxd5 Qf6 26. Qxh5 g6 27. Qg4 Kf8 28. Ne3
Qe7 29. Qf3 Nf6 30. Ng4 Nxg4 31. Qxg4 Red8 32. b4 Bd6 33. h5 gxh5 34. Qxh5 Qf6
35. Bf5 Rc7 36. Rd3 Bc8 37. Rf3 Bxf5 38. Rxf5 Qg7 39. Rxc7 Bxc7 40. Bxe5 Bxe5
41. Rxe5 1-0

[Event "Indywidualne Mistrzostwa Polski Juniorow do lat 16 - Dziewczeta"]
[Site "Szklarska Poreba"]
[Date "1899-12-30"]
[Round "9.8"]
[White "Adamczyk, Zuzanna"]
[Black "Sloniewska, Alicja"]
[Result "1-0"]
[WhiteTitle "I++"]
[BlackTitle "I"]
[WhiteElo "1850"]
[BlackElo "1530"]

1. d4 d5 2. Nc3 Nf6 3. Bg5 e6 4. e4 Be7 5. e5 Nfd7 6. Bxe7 Qxe7 7. f4 a6 8. Nf3
c5 9. dxc5 Nxc5 10. Bd3 Nc6 11. O-O h6 12. Qe2 Bd7 13. a3 Nxd3 14. cxd3 Rc8 15.
d4 Na5 16. Qf2 Nc4 17. Rac1 O-O 18. g4 Kh7 19. g5 h5 20. f5 g6 21. f6 Qd8 22.
Nh4 Qb6 23. Rc2 Qb3 24. Rfc1 b5 25. Ng2 a5 26. Nf4 b4 27. axb4 axb4 28. Nd1 Ba4
29. Re2 Nb6 30. Ra1 Rc2 31. Rxc2 Qxc2 32. Qxc2 Bxc2 33. Ne3 Ba4 34. Nd3 b3 35.
Nc5 Ra8 36. Nd1 Kg8 37. Nc3 Bc6 38. Rxa8+ Bxa8 39. Nxb3 Nc4 40. Nd1 Bc6 41. Nc5
Kf8 42. Kf2 Ke8 43. Ke2 Kd8 44. Kd3 Na5 45. Kc3 Be8 46. Ne3 Kc7 47. Nb3 Nc6 48.
Nc2 Kb6 49. Na3 Na7 50. Nc5 Nc6 51. b4 Nd8 52. Kb3 Nc6 53. Na4+ Kb7 54. Nb5 Kc8
55. Nd6+ Kd8 56. Kc3 Na7 57. Nc5 Nc6 58. b5 Na7 59. Kb4 Nxb5 60. Nxb5 Bxb5 61.
Kxb5 h4 62. Kc6 h3 63. Nd3 1-0

[Event "Indywidualne Mistrzostwa Polski Juniorow do lat 16 - Dziewczeta"]
[Site "Szklarska Poreba"]
[Date "1899-12-30"]
[Round "9.9"]
[White "Zarebska, Lena"]
[Black "Pisarek, Elzbieta"]
[Result "1-0"]
[WhiteTitle "I++"]
[BlackTitle "I"]
[WhiteElo "1783"]
[BlackElo "1567"]

1. e4 c5 2. Nf3 e6 3. d4 cxd4 4. Nxd4 Nf6 5. Bd3 Nc6 6. Nxc6 bxc6 7. O-O Be7 8.
Qe2 O-O 9. b3 d5 10. Nd2 Nd7 11. e5 Nc5 12. Bb2 Nxd3 13. cxd3 c5 14. f4 a5 15.
Nf3 Ba6 16. Rfd1 Qb6 17. Kh1 Rfb8 18. Rab1 Qc6 19. Rbc1 a4 20. Qf2 Qb5 21. Ba3
axb3 22. axb3 Qxb3 23. Bxc5 Bxc5 24. Qxc5 Rc8 25. Qe7 Rxc1 26. Rxc1 Qxd3 27. Ra1
Qb5 28. f5 Qb7 29. f6 h6 30. h3 Rc8 31. Qa3 Bc4 32. Qe3 Qb3 33. Qf4 Qc2 34. Ra7
Qe4 35. Qg3 g6 36. Qf2 Qf4 37. Rxf7 Qc1+ 38. Kh2 g5 39. Rg7+ Kh8 40. Qa7 Qf4+
41. Kh1 Qf5 42. Qf7 Bd3 43. Ng1 Be4 44. Qh5 Bxg2+ 45. Kxg2 Rc2+ 46. Kh1 Qe4+ 47.
Nf3 Rc1+ 48. Kg2 Qe2+ 49. Kg3 Rg1+ 50. Nxg1 Qxh5 51. Nf3 d4 52. Rd7 Kg8 53. Rxd4
Qe8 54. Rd6 Kf7 55. Nd4 Qa4 56. Kf3 Qd1+ 57. Kf2 Qd2+ 58. Ne2 Qa5 59. Rd7+ Kf8
60. f7 Qxe5 61. Nd4 Qh2+ 62. Ke3 Qxh3+ 63. Ke4 Qh1+ 64. Ke5 Qe1+ 65. Kf6 Qf2+
66. Kg6 Qxd4 67. Rxd4 1-0

[Event "Indywidualne Mistrzostwa Polski Juniorow do lat 16 - Dziewczeta"]
[Site "Szklarska Poreba"]
[Date "1899-12-30"]
[Round "9.10"]
[White "Kroliczek, Gabriela"]
[Black "Zniszczol, Wiktoria"]
[Result "1-0"]
[WhiteTitle "I++"]
[BlackTitle "I+"]
[WhiteElo "1588"]
[BlackElo "1642"]

1. e4 c5 2. Nc3 Nc6 3. g3 e6 4. Bg2 Qc7 5. d3 a6 6. f4 Nge7 7. Nf3 d5 8. O-O g6
9. Nh4 d4 10. Ne2 Bg7 11. g4 f5 12. Ng3 O-O 13. Bd2 Bf6 14. g5 Bg7 15. Ne2 b5
16. Qe1 Bb7 17. Rf3 Nd8 18. Rh3 Nf7 19. Nf3 Nd8 20. Qh4 Ndc6 21. Qxh7+ Kf7 22.
Qh4 Rh8 23. Qg3 Rxh3 24. Qxh3 Rh8 25. Qg3 Nc8 26. Re1 fxe4 27. dxe4 Nd6 28. f5
Qd7 29. fxe6+ Qxe6 30. Nf4 Be5 31. Bh3 Qe7 32. Nxe5+ Nxe5 33. Nd5 Bxd5 34. exd5
Ndc4 35. Be6+ Kg7 36. Bf4 Nf7 37. b3 Na3 38. Bxf7 Qxf7 39. Be5+ Kg8 40. Bxh8 Kxh8
41. d6 Qf5 42. Qh4+ 1-0

[Event "Indywidualne Mistrzostwa Polski Juniorow do lat 16 - Dziewczeta"]
[Site "Szklarska Poreba"]
[Date "1899-12-30"]
[Round "9.11"]
[White "Zalucka, Emilia"]
[Black "Pawlak, Emilia"]
[Result "0-1"]
[WhiteTitle "I"]
[BlackTitle "I"]
[WhiteElo "1432"]
[BlackElo "1595"]

1. e4 c5 2. Nf3 d6 3. d4 cxd4 4. Nxd4 Nf6 5. Nc3 a6 6. Be2 e5 7. Nb3 Be7 8. O-O
O-O 9. Be3 Be6 10. f4 Qc7 11. f5 Bc4 12. Bxc4 Qxc4 13. Qf3 Kh8 14. Rad1 b5 15.
a3 Nbd7 16. g4 Ng8 17. g5 f6 18. g6 h6 19. Qh5 Rfd8 20. Na5 Qc8 21. Nd5 Bf8 22.
c3 Rb8 23. Rf3 Nc5 24. Qh4 Nb7 25. Nb3 Nc5 26. Nd2 a5 27. b4 axb4 28. axb4 Na4
29. Nb3 Nb2 30. Ra1 Ra8 31. Na5 Nc4 32. Bc1 Ra6 33. Rh3 Qa8 34. Nc7 Qa7+ 35. Kh1
Qxc7 36. Ra2 Nxa5 37. bxa5 Rxa5 38. Rg2 Ra1 39. Rg1 b4 40. Qg3 Qxc3 41. Bxh6 Rxg1+
42. Kxg1 Nxh6 43. Qxc3 bxc3 0-1

[Event "Indywidualne Mistrzostwa Polski Juniorow do lat 16 - Dziewczeta"]
[Site "Szklarska Poreba"]
[Date "1899-12-30"]
[Round "9.12"]
[White "Zygmunt, Patrycja"]
[Black "Chomicka, Kinga"]
[Result "0-1"]
[WhiteTitle "I"]
[BlackTitle "I"]
[WhiteElo "1338"]
[BlackElo "1434"]

1. e4 e5 2. Nf3 Nc6 3. Bc4 Bc5 4. c3 Nf6 5. d4 exd4 6. cxd4 Bb4+ 7. Bd2 Bxd2+ 8.
Nbxd2 d5 9. exd5 Nxd5 10. Qb3 Nce7 11. O-O O-O 12. Ne5 c6 13. a4 Qb6 14. Qxb6
Nxb6 15. Bb3 Nbd5 16. Ne4 f6 17. Nf3 Rd8 18. Nc3 Kf8 19. Nxd5 Nxd5 20. h3 Bf5
21. Nh4 Bd3 22. Rfd1 Nb4 23. Nf3 Be2 24. Rd2 Bxf3 25. gxf3 Rd6 26. Rad1 Rad8 27.
Kf1 Nd5 28. Bxd5 Rxd5 29. Ke2 Re8+ 30. Kf1 Re6 31. Re1 Rxe1+ 32. Kxe1 Rh5 33.
Ke2 Ke7 34. Rd1 Rxh3 35. d5 cxd5 36. Rxd5 Rh4 37. Rb5 b6 38. a5 bxa5 39. Rxa5
Rb4 40. Rxa7+ Kf8 41. Ra2 h5 42. Kf1 g5 43. Kg2 Kf7 44. Kg3 Kg6 45. Kh3 Kf5 46.
Kg3 h4+ 47. Kg2 Kf4 48. Ra6 f5 49. Ra2 h3+ 50. Kxh3 Kxf3 51. Ra5 Rh4# 0-1

[Event "Indywidualne Mistrzostwa Polski Juniorow do lat 16 - Dziewczeta"]
[Site "Szklarska Poreba"]
[Date "1899-12-30"]
[Round "9.13"]
[White "Kaznowska, Weronika"]
[Black "Bednarska, Julita"]
[Result "1-0"]
[WhiteTitle "I"]
[BlackTitle "I"]
[WhiteElo "1396"]
[BlackElo "1356"]

1. e4 e6 2. d4 d5 3. e5 c5 4. c3 Nc6 5. Nf3 Bd7 6. a3 c4 7. Nbd2 Na5 8. Be2 Bc6
9. g3 Qd7 10. Qc2 Ba4 11. Qb1 g6 12. g4 Be7 13. h4 f6 14. exf6 Bxf6 15. g5 Bg7
16. h5 Ne7 17. hxg6 hxg6 18. Rxh8+ Bxh8 19. Nh4 Kf7 20. f4 Bg7 21. Nxg6 Ke8 22.
Bd1 Bxd1 23. Kxd1 Nxg6 24. Qxg6+ Qf7 25. Qxf7+ Kxf7 26. Rb1 Rh8 27. Ke2 Rh1 28.
Kf2 Kg6 29. Nf1 Bf8 30. Be3 Bd6 31. Nd2 Rh8 32. Nf3 Nc6 33. Re1 Ne7 34. Bd2 Kf5
35. Kg3 Ng6 36. Ne5 Nxe5 37. dxe5 Be7 38. Be3 a6 39. Kg2 b5 40. Rh1 Rxh1 41. Kxh1
Kg6 42. Kg2 Kh5 43. Kf3 Bd8 44. Bc5 a5 45. Ke3 Kg6 46. Kd4 Kf5 47. Ke3 Kg6 48.
Kf2 Kh5 49. Kf3 a4 50. Ba7 Be7 51. Ke3 Kg6 52. Kd4 Kf5 53. Bb8 Kxf4 54. g6 Bf8
55. Bd6 Bg7 56. Kc5 Kf5 57. Kxb5 Kxg6 58. Kxa4 Kf5 59. Kb5 Bxe5 60. Bxe5 Kxe5
61. a4 Kd6 62. Kb6 e5 63. a5 e4 64. a6 e3 65. a7 e2 66. a8=Q e1=Q 67. Qd8+ Ke6
68. Qe8+ 1-0

[Event "Indywidualne Mistrzostwa Polski Juniorow do lat 16 - Dziewczeta"]
[Site "Szklarska Poreba"]
[Date "1899-12-30"]
[Round "9.14"]
[White "Libura, Julianna"]
[Black "Wolagiewicz, Kinga"]
[Result "1/2-1/2"]
[WhiteTitle "I"]
[BlackTitle "I"]
[WhiteElo "1639"]
[BlackElo "1643"]

1. d4 d5 2. Nf3 Nf6 3. c4 e6 4. Bg5 Nbd7 5. cxd5 exd5 6. e3 c6 7. Nc3 Be7 8. Bd3
O-O 9. Qc2 Re8 10. O-O Nf8 11. Rfe1 g6 12. Ne5 N6d7 13. Bxe7 Qxe7 14. Nxd7 Bxd7
15. Rac1 Ne6 16. Qe2 Ng7 17. Qf3 Bf5 18. Bxf5 Nxf5 19. Red1 Nd6 20. Na4 Ne4 21.
Nc5 Nxc5 22. Rxc5 Qe4 23. Qg3 f5 24. h3 Rf8 25. Qf3 Rae8 26. Qxe4 Rxe4 27. Kf1
f4 28. Ke2 fxe3 29. fxe3 Re7 30. Rc2 Ref7 31. Kd3 Kg7 32. e4 dxe4+ 33. Kxe4 Rf4+
34. Kd3 Rd8 35. Ke3 g5 36. Rdd2 Re8+ 37. Kd3 Ree4 38. Kc4 Kg6 1/2-1/2

[Event "Indywidualne Mistrzostwa Polski Juniorow do lat 16 - Dziewczeta"]
[Site "Szklarska Poreba"]
[Date "1899-12-30"]
[Round "9.15"]
[White "Mirowska, Oliwia"]
[Black "Wojtas, Julia"]
[Result "1-0"]
[WhiteTitle "I++"]
[BlackTitle "I"]
[WhiteElo "1762"]
[BlackElo "1550"]

1. a3 g6 2. c4 e5 3. Nc3 Bg7 4. g3 Ne7 5. Bg2 d6 6. d3 O-O 7. Nf3 Nbc6 8. Bd2 h6
9. Rc1 Be6 10. b4 Qd7 11. O-O f5 12. b5 Nd8 13. e3 g5 14. h4 g4 15. Ne1 f4 16.
exf4 exf4 17. Bxf4 Nf5 18. Qd2 c6 19. a4 Qf7 20. Ne4 Nxh4 21. Nxd6 Qf6 22. Ne4
Qf5 23. Bxh6 Bxh6 24. Qxh6 Nxg2 25. Nxg2 Nf7 26. Nf6+ 1-0

[Event "Indywidualne Mistrzostwa Polski Juniorow do lat 16 - Dziewczeta"]
[Site "Szklarska Poreba"]
[Date "1899-12-30"]
[Round "9.16"]
[White "Kudlak, Julia"]
[Black "Tarka, Aleksandra"]
[Result "0-1"]
[WhiteTitle "I"]
[BlackTitle "I++"]
[WhiteElo "1515"]
[BlackElo "1656"]

1. e4 c5 2. Nf3 d6 3. Bc4 Nf6 4. Nc3 g6 5. d4 cxd4 6. Nxd4 Bg7 7. h3 O-O 8. Be3
Nxe4 9. Bxf7+ Rxf7 10. Nxe4 Nc6 11. Ng5 Qa5+ 12. c3 Bxd4 13. Nxf7 Bxe3 14. fxe3
Kxf7 15. O-O Kg7 16. Rf4 Be6 17. Qd2 Qd5 18. Qe2 g5 19. Rf3 Ne5 20. Rg3 h6 21.
e4 Qc5+ 22. Kh2 Rf8 23. b3 Rf2 24. Qe1 g4 25. Kh1 Kh7 26. Re3 gxh3 27. Qxf2 Ng4
28. Qf3 hxg2+ 29. Kxg2 Nxe3+ 30. Kg3 Qg5+ 31. Kf2 Ng4+ 32. Ke2 Ne5 33. Qf2 Bg4+
34. Kf1 Bh3+ 35. Ke2 Bg4+ 36. Kf1 Qh5 37. Rc1 Qh1+ 38. Qg1 Qf3+ 39. Qf2 Qxf2+
40. Kxf2 Nd3+ 41. Kg3 Nxc1 0-1

[Event "Indywidualne Mistrzostwa Polski Juniorow do lat 16 - Dziewczeta"]
[Site "Szklarska Poreba"]
[Date "1899-12-30"]
[Round "9.17"]
[White "Bienko, Jagoda"]
[Black "Dadello, Barbara"]
[Result "1/2-1/2"]
[WhiteTitle "I"]
[BlackTitle "I"]
[WhiteElo "1451"]
[BlackElo "1615"]

1. d4 d5 2. c4 e6 3. Nf3 Nf6 4. g3 Be7 5. Bg2 O-O 6. O-O c6 7. Qc2 b6 8. Nc3 Bb7
9. b3 Nbd7 10. Bb2 Rc8 11. Nd2 c5 12. dxc5 Bxc5 13. cxd5 Bxd5 14. e4 Bb7 15. Rfd1
Qe7 16. Nc4 Ba6 17. e5 Ne8 18. Qd2 Bxc4 19. Qxd7 Ba6 20. Ne4 Rc7 21. Qxe7 Bxe7
22. Nd6 Rc2 23. Ba3 f6 24. Be4 Re2 25. Bf3 Rxe5 26. Bb2 Rc5 27. Ne4 Rc7 28. Rac1
f5 29. Rxc7 Nxc7 30. Rd7 Nd5 31. Ng5 Bf6 32. Bxd5 exd5 33. Bxf6 Rxf6 34. Rxd5
h6 35. Nf3 Rf7 36. Nh4 Bc8 37. Ng6 Kh7 38. Rd8 Kxg6 39. Rxc8 Rd7 40. Rc4 Kf6 1/2-1/2

[Event "Indywidualne Mistrzostwa Polski Juniorow do lat 16 - Dziewczeta"]
[Site "Szklarska Poreba"]
[Date "1899-12-30"]
[Round "9.18"]
[White "Tomczak, Marta"]
[Black "Mytnik, Kinga"]
[Result "1-0"]
[WhiteTitle "I"]
[BlackTitle "I"]
[WhiteElo "1510"]
[BlackElo "1570"]

1. e4 d6 2. d4 Nf6 3. Nc3 Nbd7 4. f4 e5 5. Nf3 exd4 6. Qxd4 c6 7. Be3 Ng4 8. Bg1
Qb6 9. O-O-O Qxd4 10. Nxd4 Be7 11. Nf5 g6 12. Nxd6+ Bxd6 13. Rxd6 Ke7 14. Rd2
Re8 15. e5 Kf8 16. h3 Nh6 17. g4 Nb6 18. Bc5+ Kg8 19. Ne4 Nd7 20. Rxd7 Bxd7 21.
Nf6+ Kg7 22. Nxe8+ Bxe8 23. Bc4 b6 24. Bd4 c5 25. Bc3 Kf8 26. Rd1 b5 27. Bd5 Rc8
28. b4 c4 29. Bd4 Rc7 30. Bc5+ Kg7 31. Bd6 Rc8 32. Bb7 Rd8 33. Bf8+ Kxf8 34. Rxd8
1-0

[Event "Indywidualne Mistrzostwa Polski Juniorow do lat 16 - Dziewczeta"]
[Site "Szklarska Poreba"]
[Date "1899-12-30"]
[Round "9.19"]
[White "Giefert, Sara"]
[Black "Trzaskowska, Hanna"]
[Result "1-0"]
[WhiteTitle "I"]
[BlackTitle "I"]
[WhiteElo "1497"]
[BlackElo "1607"]

1. e4 e5 2. Nf3 Nc6 3. Bc4 Bc5 4. c3 Nf6 5. Qe2 d6 6. d3 Be6 7. Bb5 O-O 8. h3 Nd7
9. g4 d5 10. Nbd2 Bb6 11. Ba4 Nc5 12. Bc2 d4 13. Nf1 a5 14. Ng3 Qd7 15. O-O Rad8
16. Rd1 f6 17. Nf5 Bxf5 18. gxf5 Qf7 19. cxd4 exd4 20. Nh2 Kh8 21. Kh1 g6 22.
fxg6 Qxg6 23. Rg1 Qf7 24. Bf4 Rg8 25. a3 Rde8 26. Rxg8+ Rxg8 27. Ng4 Qh5 28. Qf3
Rg6 29. Nh2 Qxf3+ 30. Nxf3 Nd7 31. Nh4 Rg8 32. Bb3 Rd8 33. Nf5 Nde5 34. Bh6 Rd7
35. Be6 Re7 36. Nxe7 Nxe7 37. Rg1 N7g6 38. Rg3 Bc5 39. f4 Bd6 40. fxe5 Bxe5 41.
Rg2 b5 42. h4 c5 43. h5 c4 44. hxg6 hxg6 45. dxc4 bxc4 46. Bxc4 a4 47. Bf8 d3
48. Rxg6 Bf4 49. Rxf6 d2 50. Be2 d1=Q+ 51. Bxd1 Bg5 52. Rf5 Kh7 53. Rxg5 Kh8 54.
Bh5 Kh7 55. Bf7 1-0

[Event "Indywidualne Mistrzostwa Polski Juniorow do lat 16 - Dziewczeta"]
[Site "Szklarska Poreba"]
[Date "1899-12-30"]
[Round "9.20"]
[White "Kot, Ewelina"]
[Black "Szczypawka, Aleksandra"]
[Result "0-1"]
[WhiteTitle "II+"]
[BlackTitle "I"]
[WhiteElo "1201"]
[BlackElo "1476"]

1. d4 f5 2. Bg5 h6 3. Bh4 g6 4. e3 Bg7 5. c4 Nf6 6. Nf3 d6 7. Qb3 g5 8. Bg3 e6
9. Nc3 Nh5 10. Be2 Nd7 11. c5 d5 12. Nb5 Nxg3 13. hxg3 a6 14. Qa4 O-O 15. Qa5
b6 16. cxb6 cxb6 17. Qa3 Bb7 18. Nd6 Qb8 19. Rc1 Rd8 20. Nxb7 Qxb7 21. Qd6 Nc5
22. Qxd8+ Rxd8 23. dxc5 bxc5 24. b3 Qb4+ 25. Kf1 a5 26. Ne1 Rc8 27. Nd3 Qb6 28.
g4 Rc7 29. gxf5 exf5 30. Bf3 Qd6 31. Nb2 Bxb2 32. Rc2 Bg7 33. Rd2 d4 34. exd4
cxd4 35. Rd1 d3 36. Kg1 g4 37. Ba8 d2 38. g3 Re7 39. Kg2 Ra7 40. Rh5 Rxa8 41.
Rxf5 Qc6+ 42. Kg1 Re8 0-1

[Event "Indywidualne Mistrzostwa Polski Juniorow do lat 16 - Dziewczeta"]
[Site "Szklarska Poreba"]
[Date "1899-12-30"]
[Round "9.21"]
[White "Drob, Julia"]
[Black "Matyjasek, Michalina"]
[Result "1-0"]
[WhiteTitle "I"]
[BlackTitle "I"]
[WhiteElo "1336"]
[BlackElo "1342"]

1. d4 c5 2. c3 cxd4 3. cxd4 d5 4. Nf3 Nc6 5. Bf4 g6 6. Nc3 Bg7 7. Nb5 Qa5+ 8. Nc3
Nh6 9. a3 a6 10. b4 Qd8 11. e3 O-O 12. Be2 f6 13. Rc1 Nf7 14. O-O e6 15. Na4 h5
16. h3 g5 17. Bh2 h4 18. Nc5 f5 19. Nd2 e5 20. dxe5 Ncxe5 21. Nf3 Ng6 22. Nd4
Qf6 23. Qb3 Ne7 24. Bf3 Rd8 25. Bc7 Rf8 26. Bxd5 Nxd5 27. Qxd5 Re8 28. Nxb7 Ra7
29. Nd6 Rf8 30. Nxf7 Rxf7 31. Bd8 Bb7 32. Bxf6 Bxd5 33. Bxg5 Bf6 34. Bxf6 Rxf6
35. Rc8+ Kh7 36. Rc5 Be4 37. f3 Bd3 38. Rd1 Bb5 39. Nxf5 Re6 40. e4 Rf7 1-0

[Event "Indywidualne Mistrzostwa Polski Juniorow do lat 16 - Dziewczeta"]
[Site "Szklarska Poreba"]
[Date "1899-12-30"]
[Round "9.22"]
[White "Wysocka, Edyta"]
[Black "Zablocka, Marta"]
[Result "1/2-1/2"]
[WhiteTitle "I"]
[BlackTitle "I"]
[WhiteElo "1393"]
[BlackElo "1211"]

1. e4 e5 2. Nf3 Nc6 3. Bb5 a6 4. Ba4 Nf6 5. Qe2 b5 6. Bb3 Be7 7. c3 d5 8. exd5
Nxd5 9. O-O O-O 10. Nxe5 Nxe5 11. Qxe5 Nf6 12. Qf4 Bd6 13. Qf3 Bg4 14. Qc6 Re8
15. d4 h6 16. Be3 Bf5 17. Qf3 Bg4 18. Qc6 Bd7 19. Qf3 Bg4 20. Qc6 Bd7 21. Qf3
Bg4 22. Qc6 Bf5 23. Qf3 Bg4 24. Qc6 Bd7 25. Qf3 Bg4 26. Qc6 Bd7 27. Qf3 Bg4 28.
Qc6 Bd7 29. Qf3 Bg4 30. Qc6 Bd7 31. Qf3 1/2-1/2

[Event "Indywidualne Mistrzostwa Polski Juniorow do lat 16 - Dziewczeta"]
[Site "Szklarska Poreba"]
[Date "1899-12-30"]
[Round "9.23"]
[White "Laszczuk, Zuzanna"]
[Black "Zygmunt, Magdalena"]
[Result "1-0"]
[WhiteTitle "I"]
[BlackTitle "I"]
[WhiteElo "1277"]
[BlackElo "1206"]

1. e4 e5 2. Nf3 Nc6 3. d4 exd4 4. Bc4 Bc5 5. Ng5 Nh6 6. Nxf7 Nxf7 7. Bxf7+ Kxf7
8. Qh5+ g6 9. Qxc5 d5 10. Qxd5+ Qxd5 11. exd5 Re8+ 12. Kf1 Nb4 13. Na3 Nxd5 14.
Nb5 b6 15. c4 dxc3 16. bxc3 Nxc3 17. Nxc7 Re7 18. Bf4 Rb8 19. h3 Rb7 20. Na6 Rbd7
21. Nb8 Rd1+ 22. Rxd1 Nxd1 23. Bg3 Nc3 24. a3 Ne4 25. Bf4 Nc5 26. Bd6 Re6 27.
Bg3 Ne4 28. Bf4 g5 29. Be3 Ng3+ 30. fxg3 Rxe3 31. Kf2 Rxa3 32. Rc1 Ra2+ 33. Kg1
Bf5 34. Nc6 Be4 35. Ne5+ Ke6 36. Nf3 Bxf3 37. gxf3 Ra3 38. Kf2 Ra2+ 39. Ke3 Ra3+
40. Ke4 Ra4+ 41. Ke3 Kd6 42. Rd1+ Ke6 43. Rc1 Kd6 44. Rd1+ Kc6 45. Rd3 Rc4 46.
f4 gxf4+ 47. gxf4 Rc5 48. Ke4 Rh5 49. f5 Rh6 50. Ke5 a5 51. f6 Rxf6 52. Kxf6 Kb5
53. Ke5 Kb4 54. Ke4 1-0